000 00578nam a2200193 a 4500
001 1633
005 20140414131844.0
008 010529s19uu xx 00 eng d
020 _a0-89565-452-0
050 _aM 179.9
_bZ6 1989
100 _aZiegler, Sandra
245 _aUnderstanding /
_cby Sandra Ziegler ; illustrated by Jenny Williams.
260 _aMankato, MN :
_bThe Child's World,
_c1989.
300 _a31p. ; col. ill. ; cm.
440 _aValues to live by
650 _aEmphaty - Juvenile literature.
650 _aChildren - Conduct of life.
999 _c109860
_d109860